00984cam a22002894a 450000100090000000300040000900500170001300800410003001000170007102000220008804000180011004200140012805000280014210000260017024500780019626000360027430000420031044000390035252100070039152600070039865000490040570000370045490600450049194200200053699900170055695201210057313887764OSt20140310184446.0050303s2005 nyua j 000 0 eng  a 2005005657 a0439738628 (pbk.) aDLCcDLCdDLC apccalcac00aGV 1507.P47b.M284 20051 aMarzollo, Jean.9614110aI spy a penguin /criddles by Jean Marzollo ; photographs by Walter Wick. aNew York :bScholastic,cc2005. a1 v. (unpaged) :bcol. ill. ;c23 cm. 0aScholastic reader.nLevel 1927774 aBR cBR 0aPicture puzzlesvJuvenile literature.9277751 aWick, Walter,d1953-eill927776 a7bcbccorignewd1eecipf20gy-gencatlg 2lcccBK-SCHOLAS c34517d34517 00102lcc40aLUXbLUXcSCHOd2013-10-10l0oGV 1507.P47 .M284 2005pLEX2925r2017-04-18 00:00:00t1w2013-10-10yBK